000
00304nam a22001337a 4500
008
170525b xxu||||| |||| 00| 0 eng d
020
_a
9780073655789
041
_a
eng
080
_2
5 ED
_a
681.3
100
_a
26
101
_a
IM
245
_a
SOFT WARE ENGINEERING
_c
PRESSMAN.R.S
942
_2
udc
_c
BK
999
_c
14205
_d
14205